[Event "Riadh Rapid op"]
[Site "Riadh"]
[Date "2023.03.17"]
[Round "2"]
[White "Ismael, Mohamed Goumaneh"]
[Black "Alrahily, Saud"]
[Result "1-0"]
[WhiteElo "1478"]
[BlackElo "1772"]
[PlyCount "55"]
[EventDate "2023.03.17"]
[EventType "swiss (rapid)"]
[EventRounds "9"]
[EventCountry "SAU"]
[SourceTitle "CBM 213 Extra"]
[Source "ChessBase"]
[SourceDate "2023.05.31"]
[SourceVersion "1"]
[SourceVersionDate "2023.05.31"]
[SourceQuality "1"]

1. e4 g6 2. d4 d6 3. Nf3 Bg7 4. Nbd2 Nf6 5. c3 0-0 6. Bd3 e5 7. dxe5 dxe5 8. Nxe5 Re8 9. Ndf3 Nxe4 10. 0-0 Nc5 11. Re1 Bxe5 12. Rxe5 Rxe5 13. Nxe5 Qf6 14. Nf3 Bg4 15. Be2 Nc6 16. Be3 Rd8 17. Qf1 h6 18. Bxc5 Bxf3 19. Bxf3 Ne5 20. Bxb7 Rb8 21. Be4 Rxb2 22. Bxa7 Qf4 23. Bd5 c6 24. Bb3 Qg5 25. f4 Qe7 26. Bd4 Ng4 27. Re1 Qh4 28. Re8+ 1-0